Statistics for NFL

Click here to take the quiz!

General Stats

  • This quiz has been taken 6 times
  • The average score is 6 of 9

Answer Stats

HintAnswer% Correct
Most Rushing YardsEmmit Smith
100%
Most Recieving YardsJerry Rice
100%
Most Passing YardsTom Brady
100%
WR for the Helmet CatchDavid Tyree
83%
Field Goal Records Yards66
67%
Went To Four Consectutive Super BowlsBuffalo
67%
Toe-less kickerJohn Dempsey
33%
Undefeated Season (17-0)Miama
0%
Biggest Super Bowl RivaleryPittsburgh-Dallas
0%

Score Distribution

Percentile by Number Answered

Percent of People with Each Score

Your Score History

You have not taken this quiz